| 000 | 00469nam a22001817a 4500 | ||
|---|---|---|---|
| 003 | MPLRDC | ||
| 005 | 20220104123648.0 | ||
| 008 | 210129b ||||| |||| 00| 0 eng d | ||
| 020 | _a957-526-031-7 | ||
| 082 | _a411.3 RSJT v.2 | ||
| 100 | _a不详 | ||
| 245 |
_a近郊常见的青草药 _c |
||
| 260 |
_a _b瑞昇文化图书事业有限 _c1992 |
||
| 300 | _b平 | ||
| 490 | _a瑞昇家庭园艺丛书. 2 | ||
| 650 | _a营养与食品 | ||
| 942 |
_cBK _o411.3 RSJT v.2 |
||
| 999 |
_c13193 _d13183 |
||